书目信息 |
| 题名: |
平地机可靠性试验方法GB/T16278-1996
|
|
| 作者: | 国家技术监督局 发布 | |
| 分册: | ||
| 出版信息: | 北京 中国标准出版社 1996.10 |
|
| 页数: | 7页 | |
| 开本: | 16开 | |
| 丛书名: | ||
| 单 册: | ||
| 中图分类: | TU623.6-65 | |
| 科图分类: | ||
| 主题词: | 挖掘机械 , 铲土运输机械 | |
| 电子资源: | ||
| ISBN: | ||
| 000 | 00643nam0 2200205 45 | |
| 001 | 0009221714 | |
| 005 | 20000922173923.4 | |
| 010 | @d6.00元 | |
| 100 | @a20000922d1996 km y0chiy0120 ea | |
| 101 | 0 | @achi |
| 105 | @a z 000yy | |
| 200 | 1 | @a平地机可靠性试验方法GB/T16278-1996@APing Di Ji Ke Kao Xing Shi Yan Fang Fa GB/T16278-1996@f国家技术监督局发布@FGuo Jia Ji Shu Jian Du Ju Fa Bu |
| 210 | @a北京@c中国标准出版社@d1996.10 | |
| 215 | @a7页@d16开 | |
| 606 | 0 | @a挖掘机械 |
| 606 | 0 | @a铲土运输机械 |
| 690 | @aTU623.6-65@v3 | |
| 701 | 0 | @a国家技术监督局@4发布 |
| 801 | @aCN@bPftUser@c20000922 | |
| 905 | @b150635-639@dTU623.6-65@eG:347@f5 | |
| 平地机可靠性试验方法GB/T16278-1996/国家技术监督局发布.-北京:中国标准出版社,1996.10 |
| 7页;16开 |
| ISBN :6.00元 |
| ● |
| 相关链接 |
|
|
|
正题名:平地机可靠性试验方法GB/T16278-1996
索取号:TU623.6-65/G:347
 
预约/预借
| 序号 | 登录号 | 条形码 | 馆藏地/架位号 | 状态 | 备注 |
| 1 | 150635 | 201506352 | 自科二线404/404自科库 3排1列6层/ [索取号:TU623.6-65/G:347] | 在馆 | |
| 2 | 150636 | 201506361 | 自科二线404/404自科库 3排1列6层/ [索取号:TU623.6-65/G:347] | 在馆 | |
| 3 | 150637 | 201506370 | 自科二线404/404自科库 3排1列5层/ [索取号:TU623.6-65/G:347] | 在馆 | |
| 4 | 150638 | 201506389 | 自科二线404/404自科库 2排6列1层/ [索取号:TU623.6-65/G:347] | 在馆 | |
| 5 | 150639 | 201506398 | 自科二线404/404自科库 3排1列6层/ [索取号:TU623.6-65/G:347] | 在馆 |